000 00810nam a22002417a 4500
001 129949
003 ES-SlBCS
005 20260623081254.0
008 260623b ||||| |||| 00| 0 spa d
017 _aB 14011-2019
_bBarcelona
020 _a978-84-17346-72-0
040 _aES-SlBCS
_bspa
_dES-SlBCS
100 1 _aCorbin, Alain
_9331221
245 1 _aHistoria del silencio.
_bDel Renacimiento a nuestros días
_cAlain Corbin
250 _a1ª edición (junio de 2019)
_b6ª reimpresión (agosto de 2025)
260 _aBarcelona
_bAcantilado
_c2019
300 _a142 p.,
_btapa blanda,
_c21 cm.
490 0 _aEl Acantilado
_v309
500 1 _aDonación de Gabrielle Palasciano
650 0 _aAntropología
_vSilencio
_9429750
700 1 _aJordi Bayod
_etrad.
_tHistoire du silence
_9429751
942 _2lcc
_cBK
999 _c905010
_d905010